000 00988nam a22003017a 4500
001 6962
003 FISKH
005 20250612091411.0
008 250612b cb ||||| |||| 00| 0 eng d
020 _a9781840896213
040 _aFISKH
_beng
_cFISKH
_dFISKH
050 _aPZ7.P87755 T
082 _a823.914
100 _aPowell, Jillian
_d(1957-)
245 _aTall Tilly /
_cBy Jillian Powell ; Illustrated by Tim Archbold
250 _aThis edition first published in 2004
260 _aLondon :
_bZero,
_c2004
300 _a27 unnumbered pages :
_bcolor illustrations ;
_c27 cm
505 _aG
520 _aTilly is not happy with her height until she learns it is an advantage in sports. Includes vocabulary words and discussion question.
521 8 _a390
_bLexile
521 8 _aG
_bRaz-Plus
650 _2Self-acceptance
_aRealistic fiction
650 _2Measurement
_aFeelings
700 _aArchbold, Tim
_dillustrator
942 _2ddc
_cBK
_n0
999 _c6962
_d6962